000 00932nam a2200229 i 4500
001 171266
003 ES-MaACL
005 20250808062758.0
008 090507s1964 sp |||| | spa d
017 _aM 16366-1964
100 1 _aCarol, Juniper B.
_9140050
245 1 0 _aMariología /
_cpor una comisión internacional de especialistas bajo la presidencia de J. B. Carol ; traducción de María Ángeles G. Careaga ; prólogo sobre la Mariología en el Concilio Vaticano II por Narciso García Garcés.
260 _aMadrid :
_bLa Editorial Católica,
_c1964.
300 _aXLVII, 997 p. ;
_c20 cm.
490 1 _aBiblioteca de autores cristianos ;
_v242
594 _aTraducción de : Mariology.
700 1 _aCareaga, María Ángeles G.
_9140052
700 0 _aGarcía Garcés, Narciso.
_954651
830 0 0 _aBiblioteca de autores cristianos
_v242
_9178679
852 _aES-MaACL
_jJ-237
_9R.46092
999 _c171266
_d171266